Score 0/10 Timer 01:00
1 Play Today
% Correct
Gollum
93.2%
The Dark Lord
90%
Strider
86.8%
Evenstar
83.4%
Mr. Underhill
82.4%
Treebeard
72.3%
Stormcrow
63.6%
The Gaffer
62.7%
Dernhelm
61.1%
Sharkey
48.9%

Today's Daily Dose

Remove Ads.
Support Sporcle.
Get the best of Sporcle when you Go Orange. This ad-free experience offers more features, more stats, and more fun while also helping to support Sporcle. Thank you for becoming a member.

You're not logged in!

Compare scores with friends on all Sporcle quizzes.
OR
Log In

Show Comments

Extras

Top Quizzes Today


Score Distribution

Your Account Isn't Verified!

In order to create a playlist on Sporcle, you need to verify the email address you used during registration. Go to your Sporcle Settings to finish the process.

Report this User

Report this user for behavior that violates our Community Guidelines.

Details: